00941nam a22001937a 450000500170000000800410001702000180005805000150007624501840009126000280027530000330030350000310033650501940036765000280056170000430058970000370063270000420066970000360071120231102151925.0160428s2015 sp a|||| |||| 00| 0 spa d a9788415950806 4aRJ370bM3500aManual de clasificación y triage del paciente pediátrico en urgenciasc/ editores, Míguez Navarro, G. Guerrero Márquez, Ignacio Cerro ; autores, Mª Ana Almagro Colorado 3 aMadridb: Ergonc, 2015 a408 páginasbilustraciones aIncluye: Anexos pp.385-4071 aGeneralidades sobre triage Generalidades sobre triage hospitalario Metodología para la realización de triage hospitalario Otros conceptos de triage hospitalario Triage extrahospitalario14aURGENCIAS PEDIÁTRICAS1 aMiquez Navarro, Ma. Concepcioneeditor1 aGuerrero Marquez, Gloriaeeditor1 aIgnacio Cerro, Ma. del Carmeneeditor1 aAlmagro Colorado Ma. Anaeautor